[Event "36. Vila de Sitges"]
[Site "Sitges ESP"]
[Date "2010.07.27"]
[Round "6.3"]
[White "Peralta, Fernando"]
[Black "Rojas Keim, Luis"]
[Result "1-0"]
[WhiteElo "2570"]
[BlackElo "2437"]
[PlyCount "78"]
[EventDate "2010.07.22"]
[EventType "swiss"]
[EventRounds "9"]
[EventCountry "ESP"]
[Source "lmi"]
[SourceDate "2010.07.22"]

1. d4 Nf6 2. c4 e6 3. Nc3 c5 4. d5 exd5 5. cxd5 d6 6. e4 g6 7. Nge2 Bg7 8. Ng3
O-O 9. Be2 a6 10. a4 h5 11. Bg5 Qb6 12. Qd2 Nh7 13. a5 Qb4 14. Be7 Re8 15. Bxd6
h4 16. Nf1 h3 17. Rg1 hxg2 18. Rxg2 Bxc3 19. bxc3 Qxe4 20. Rg3 Qh4 21. Re3 Nf6
22. Bg3 Qh8 23. Ra4 Nbd7 24. Rh4 Qg7 25. c4 Nf8 26. Be5 Bf5 27. Ng3 Bd7 28. f4
N8h7 29. Qc3 Qf8 30. Kf1 Qe7 31. d6 Qd8 32. Rh6 Ng4 33. Bxg4 Bxg4 34. Ne4 Re6
35. Rxh7 Kxh7 36. Rh3+ Bh5 37. Ng5+ Kg8 38. Nxe6 fxe6 39. Rxh5 Ra7 1-0

[Event "36. Vila de Sitges"]
[Site "Sitges ESP"]
[Date "2010.07.27"]
[Round "6.5"]
[White "Lammers, Markus"]
[Black "Abreu Delgado, Aryam"]
[Result "1/2-1/2"]
[WhiteElo "2386"]
[BlackElo "2474"]
[PlyCount "48"]
[EventDate "2010.07.22"]
[EventType "swiss"]
[EventRounds "9"]
[EventCountry "ESP"]
[Source "lmi"]
[SourceDate "2010.07.22"]

1. d4 Nf6 2. Nf3 g6 3. g3 Bg7 4. Bg2 O-O 5. c4 d5 6. cxd5 Nxd5 7. O-O Nc6 8.
Nc3 Bf5 9. Nh4 Be6 10. e4 Nxc3 11. bxc3 Na5 12. Nf3 c5 13. d5 Bg4 14. Rb1 e6
15. h3 Bxf3 16. Qxf3 exd5 17. exd5 Qf6 18. Be3 Qxf3 19. Bxf3 b6 20. Rbc1 Nc4
21. Bf4 Be5 22. Bh6 Bg7 23. Bf4 Be5 24. Bh6 Bg7 1/2-1/2

[Event "36. Vila de Sitges"]
[Site "Sitges ESP"]
[Date "2010.07.27"]
[Round "6.6"]
[White "Cruz, Filemon"]
[Black "Gonzalez Perez, Arian"]
[Result "0-1"]
[WhiteElo "2456"]
[BlackElo "2403"]
[PlyCount "74"]
[EventDate "2010.07.22"]
[EventType "swiss"]
[EventRounds "9"]
[EventCountry "ESP"]
[Source "lmi"]
[SourceDate "2010.07.22"]

1. Nf3 Nf6 2. d4 c5 3. e3 e6 4. Bd3 Nc6 5. O-O d5 6. b3 Bd6 7. Bb2 O-O 8. Nbd2
Qe7 9. Ne5 cxd4 10. exd4 Ba3 11. Qc1 Bxb2 12. Qxb2 Qc7 13. a3 Nd7 14. Ndf3 f6
15. Nxc6 bxc6 16. Rfe1 Re8 17. c4 Nf8 18. Rac1 Qf4 19. b4 Rb8 20. a4 a5 21. b5
dxc4 22. Bxc4 cxb5 23. Bxb5 Bd7 24. Qe2 Bxb5 25. axb5 Qf5 26. Rc5 Qf4 27. Qa2
Ra8 28. Qa4 Reb8 29. b6 Rxb6 30. Rxa5 Rab8 31. h3 Rb1 32. Rd1 Qe4 33. Nd2 Rxd1+
34. Qxd1 Qxd4 35. Qe1 Rb2 36. Nf3 Qb6 37. Ra1 e5 0-1

[Event "36. Vila de Sitges"]
[Site "Sitges ESP"]
[Date "2010.07.27"]
[Round "6.7"]
[White "Guerrero Olmos, Sergio"]
[Black "Gongora Reyes, Maikel"]
[Result "0-1"]
[WhiteElo "2360"]
[BlackElo "2451"]
[PlyCount "56"]
[EventDate "2010.07.22"]
[EventType "swiss"]
[EventRounds "9"]
[EventCountry "ESP"]
[Source "lmi"]
[SourceDate "2010.07.22"]

1. d4 d5 2. Nf3 Nf6 3. Bf4 c5 4. e3 Nc6 5. c3 Qb6 6. Na3 c4 7. Qc1 Bf5 8. h3 e6
9. Nb1 Qa5 10. Nbd2 b5 11. a3 Be7 12. b4 cxb3 13. Qb2 O-O 14. a4 bxa4 15. Nxb3
a3 16. Qc1 Qb6 17. Nc5 Qb2 18. Ba6 Ne4 19. O-O Nxc5 20. dxc5 Bxc5 21. Nd4 Nxd4
22. cxd4 Bb4 23. Qc6 a2 24. Qb7 Rad8 25. Bc7 Rd7 26. Qc6 Re7 27. Bd6 Bxd6 28.
Qxd6 Ree8 0-1

[Event "36. Vila de Sitges"]
[Site "Sitges ESP"]
[Date "2010.07.27"]
[Round "6.8"]
[White "Fernandez Aguado, Enrique"]
[Black "Cruz, Jonathan"]
[Result "1-0"]
[WhiteElo "2343"]
[BlackElo "2437"]
[PlyCount "75"]
[EventDate "2010.07.22"]
[EventType "swiss"]
[EventRounds "9"]
[EventCountry "ESP"]
[Source "lmi"]
[SourceDate "2010.07.22"]

1. d4 Nf6 2. c4 e6 3. Nc3 c5 4. d5 exd5 5. cxd5 d6 6. e4 g6 7. Bd3 Bg7 8. Nge2
O-O 9. O-O Re8 10. h3 Nbd7 11. Ng3 a6 12. a4 Qc7 13. f4 c4 14. Bc2 b6 15. Qf3
Bb7 16. e5 dxe5 17. f5 e4 18. Bxe4 Ne5 19. Qf4 Rad8 20. fxg6 fxg6 21. Rd1 Nxe4
22. Ngxe4 Rf8 23. Qg3 b5 24. axb5 axb5 25. Bg5 Rd7 26. d6 Qb6+ 27. Be3 Qc6 28.
Nd5 Kh8 29. Nc5 Rxd6 30. Ne7 Rxd1+ 31. Rxd1 Qb6 32. Nd7 Qd8 33. Bg5 Nxd7 34.
Nxg6+ hxg6 35. Bxd8 Ne5 36. Rd6 Kg8 37. Ba5 Kh7 38. Bc3 1-0

[Event "36. Vila de Sitges"]
[Site "Sitges ESP"]
[Date "2010.07.27"]
[Round "6.10"]
[White "Montell Lorenzo, Joan Carlos"]
[Black "Cuartas, Jaime Alexander"]
[Result "0-1"]
[WhiteElo "2270"]
[BlackElo "2529"]
[PlyCount "138"]
[EventDate "2010.07.22"]
[EventType "swiss"]
[EventRounds "9"]
[EventCountry "ESP"]
[Source "lmi"]
[SourceDate "2010.07.22"]

1. d4 d5 2. e3 Nf6 3. Bd3 c5 4. c3 Nc6 5. f4 Bg4 6. Nf3 e6 7. Nbd2 Bd6 8. O-O
cxd4 9. cxd4 O-O 10. Qe1 Nb4 11. Bb1 Rc8 12. Ne5 Bf5 13. Bxf5 exf5 14. Qg3 Ne4
15. Qh3 Rxc1 16. Rfxc1 Nxd2 17. Qxf5 Bxe5 18. fxe5 Ne4 19. a3 Nc6 20. b4 a6 21.
Rc2 Qe7 22. Rf1 f6 23. exf6 Nxf6 24. Rf3 Re8 25. Rcf2 Qe6 26. Qf4 h6 27. h3 Ne4
28. Rc2 Ng5 29. Rg3 Rf8 30. Qg4 Qxg4 31. Rxg4 Ne4 32. Rg6 Kf7 33. Rcxc6 bxc6
34. Rxc6 Ra8 35. g4 Ra7 36. Kg2 Ke8 37. h4 Kd8 38. Rb6 a5 39. b5 a4 40. g5 hxg5
41. hxg5 Rf7 42. Ra6 Rb7 43. Rxa4 Rxb5 44. Ra7 Rb2+ 45. Kg1 Re2 46. Rxg7 Rxe3
47. Ra7 Rg3+ 48. Kf1 Rxg5 49. Ke2 Rf5 50. Ke3 Nd6 51. a4 Nc4+ 52. Ke2 Rf4 53.
Kd3 Rf3+ 54. Kc2 Ra3 55. Rh7 Kc8 56. Ra7 Kb8 57. Rh7 Nb6 58. a5 Rxa5 59. Kb3
Rb5+ 60. Ka3 Rb1 61. Rg7 Na8 62. Ka4 Nc7 63. Ka5 Kb7 64. Rg6 Rd1 65. Rb6+ Kc8
66. Rb4 Ra1+ 67. Kb6 Ra6+ 68. Kc5 Kd7 69. Rb8 Rc6+ 0-1

[Event "36. Vila de Sitges"]
[Site "Sitges ESP"]
[Date "2010.07.28"]
[Round "7.1"]
[White "Movsziszian, Karen"]
[Black "Barsov, Alexei"]
[Result "1/2-1/2"]
[WhiteElo "2490"]
[BlackElo "2505"]
[PlyCount "96"]
[EventDate "2010.07.22"]
[EventType "swiss"]
[EventRounds "9"]
[EventCountry "ESP"]
[Source "lmi"]
[SourceDate "2010.07.22"]

1. g3 d5 2. Bg2 Nf6 3. d3 e5 4. Nf3 Nc6 5. O-O Be7 6. c3 a5 7. Nbd2 O-O 8. e4
dxe4 9. dxe4 b6 10. Qa4 Qe8 11. Re1 Ba6 12. Bf1 Bxf1 13. Kxf1 h6 14. Qb5 Bc5
15. Nb3 Bd6 16. a4 Rd8 17. Kg2 Nb8 18. Qc4 Qc6 19. Qxc6 Nxc6 20. Nh4 Rfe8 21.
f3 Nd7 22. Be3 Bf8 23. Rad1 g6 24. Kf2 Nf6 25. Ke2 Rxd1 26. Rxd1 Rd8 27. Rd3
Kg7 28. Ng2 Ne8 29. Bf2 Rxd3 30. Kxd3 Kf6 31. Ne3 Ke6 32. Nd5 Kd7 33. Nd2 Nd6
34. b4 Nb7 35. Kc4 h5 36. Be3 Be7 37. Kb3 Bd8 38. Nc4 Ke6 39. Bf2 f5 40. h3
fxe4 41. fxe4 Nd6 42. Nxd6 Kxd6 43. Be3 Nb8 44. Kc4 Nd7 45. Bc1 c6 46. Ne3 axb4
47. cxb4 b5+ 48. axb5 Nb6+ 1/2-1/2

[Event "36. Vila de Sitges"]
[Site "Sitges ESP"]
[Date "2010.07.28"]
[Round "7.2"]
[White "Gongora Reyes, Maikel"]
[Black "Peralta, Fernando"]
[Result "1/2-1/2"]
[WhiteElo "2451"]
[BlackElo "2570"]
[PlyCount "74"]
[EventDate "2010.07.22"]
[EventType "swiss"]
[EventRounds "9"]
[EventCountry "ESP"]
[Source "lmi"]
[SourceDate "2010.07.22"]

1. c4 e6 2. d4 Nf6 3. Nf3 d5 4. g3 Bb4+ 5. Bd2 Be7 6. Bg2 O-O 7. O-O c6 8. Qc2
Nbd7 9. Bf4 b6 10. Nbd2 Nh5 11. Be5 Bb7 12. e4 f6 13. Bf4 Nxf4 14. gxf4 Re8 15.
e5 Nf8 16. cxd5 cxd5 17. Bh3 f5 18. Qb3 Ng6 19. Qe3 Qd7 20. Rfc1 Rec8 21. Bf1
a5 22. Ne1 h6 23. Ndf3 Rxc1 24. Rxc1 Rc8 25. a3 Rc7 26. Bb5 Qc8 27. Rxc7 Qxc7
28. Kg2 Qc8 29. Kg3 Ba6 30. Bxa6 Qxa6 31. Qd3 Qc8 32. Qc2 Qe8 33. Nd3 Nf8 34.
h3 Qg6+ 35. Kh2 Qh5 36. Ng1 Kf7 37. Qe2 Qxe2 1/2-1/2

[Event "36. Vila de Sitges"]
[Site "Sitges ESP"]
[Date "2010.07.28"]
[Round "7.3"]
[White "Gonzalez Garcia, Jose"]
[Black "Fernandez Aguado, Enrique"]
[Result "1-0"]
[WhiteElo "2508"]
[BlackElo "2343"]
[PlyCount "87"]
[EventDate "2010.07.22"]
[EventType "swiss"]
[EventRounds "9"]
[EventCountry "ESP"]
[Source "lmi"]
[SourceDate "2010.07.22"]

1. d4 Nf6 2. c4 e6 3. Nf3 b6 4. g3 Bb7 5. Bg2 Be7 6. Nc3 O-O 7. Qc2 d5 8. cxd5
exd5 9. O-O Na6 10. Rd1 c5 11. dxc5 Nb4 12. Qb1 bxc5 13. a3 Na6 14. e4 d4 15.
e5 Nd5 16. Ne4 Nac7 17. b4 Rb8 18. Qc2 cxb4 19. Nxd4 Qd7 20. axb4 Nxb4 21. Qe2
Ba6 22. Qh5 Nd3 23. Nf5 Rfd8 24. Nxg7 Kxg7 25. Nf6 Bxf6 26. Qh6+ Kg8 27. Be4
Bg7 28. Qxh7+ Kf8 29. Rxd3 Qxd3 30. Bxd3 Rxd3 31. Bh6 Bxh6 32. Qxh6+ Kg8 33.
Qg5+ Kf8 34. e6 Rb6 35. Qc5+ Rdd6 36. e7+ Kxe7 37. Qxc7+ Kf8 38. Qxa7 Bb7 39.
Qa3 Kg8 40. Qe3 Rf6 41. h3 Rfe6 42. Qg5+ Kf8 43. Rd1 Red6 44. Qc5 1-0

[Event "36. Vila de Sitges"]
[Site "Sitges ESP"]
[Date "2010.07.28"]
[Round "7.4"]
[White "Gonzalez Perez, Arian"]
[Black "Moskalenko, Viktor"]
[Result "1-0"]
[WhiteElo "2403"]
[BlackElo "2565"]
[PlyCount "111"]
[EventDate "2010.07.22"]
[EventType "swiss"]
[EventRounds "9"]
[EventCountry "ESP"]
[Source "lmi"]
[SourceDate "2010.07.22"]

1. e4 e6 2. d4 d5 3. exd5 exd5 4. Nf3 Nc6 5. Bb5 Bd6 6. c4 dxc4 7. d5 a6 8. Ba4
b5 9. dxc6 bxa4 10. O-O Ne7 11. Nbd2 O-O 12. Nxc4 Nxc6 13. Qxa4 Bb7 14. Bg5 Qb8
15. Rac1 Rc8 16. Nxd6 cxd6 17. Qg4 Kh8 18. Qh5 f6 19. Rc4 Ne5 20. Rh4 Be4 21.
Nxe5 dxe5 22. Rxe4 fxg5 23. Qe2 Rc5 24. Re1 h6 25. Rxe5 Rxe5 26. Qxe5 Qxe5 27.
Rxe5 Rc8 28. g4 Rc2 29. Re8+ Kh7 30. Rb8 Rc6 31. b3 Kg6 32. a4 Kf6 33. Kg2 Ke5
34. Rb7 Kf6 35. a5 Rc3 36. b4 Rb3 37. h3 g6 38. Rb6+ Kg7 39. Rb7+ Kf6 40. Rb6+
Kg7 41. Kf1 h5 42. Ke2 h4 43. f3 Kh6 44. Kf2 Kg7 45. Ke2 Kh6 46. Kd2 Rxf3 47.
Rxa6 Rxh3 48. Ra8 Kg7 49. Ra7+ Kh6 50. b5 Rb3 51. b6 h3 52. Re7 h2 53. Re1 Rb5
54. Rh1 Rxa5 55. Rxh2+ Kg7 56. Kc3 1-0

[Event "36. Vila de Sitges"]
[Site "Sitges ESP"]
[Date "2010.07.28"]
[Round "7.5"]
[White "Abreu Delgado, Aryam"]
[Black "Cruz, Cristhian"]
[Result "0-1"]
[WhiteElo "2474"]
[BlackElo "2536"]
[PlyCount "38"]
[EventDate "2010.07.22"]
[EventType "swiss"]
[EventRounds "9"]
[EventCountry "ESP"]
[Source "lmi"]
[SourceDate "2010.07.22"]

1. e4 e6 2. d4 d5 3. Nc3 Nf6 4. e5 Nfd7 5. f4 c5 6. Nf3 Nc6 7. Be3 a6 8. Qd2 b5
9. a3 Bb7 10. Bd3 g5 11. fxg5 cxd4 12. Nxd4 Ndxe5 13. O-O Bg7 14. Nce2 Nc4 15.
Bxc4 dxc4 16. Rad1 Nxd4 17. Bxd4 Qd5 18. Ng3 Bxd4+ 19. Kh1 O-O-O 0-1

[Event "36. Vila de Sitges"]
[Site "Sitges ESP"]
[Date "2010.07.28"]
[Round "7.6"]
[White "Cuartas, Jaime Alexander"]
[Black "Lammers, Markus"]
[Result "1/2-1/2"]
[WhiteElo "2529"]
[BlackElo "2386"]
[PlyCount "82"]
[EventDate "2010.07.22"]
[EventType "swiss"]
[EventRounds "9"]
[EventCountry "ESP"]
[Source "lmi"]
[SourceDate "2010.07.22"]

1. e4 c5 2. Nf3 e6 3. c3 Nf6 4. e5 Nd5 5. Bc4 d6 6. exd6 Bxd6 7. d4 O-O 8. O-O
cxd4 9. cxd4 Nc6 10. Nc3 Nxc3 11. bxc3 e5 12. h3 Bf5 13. Re1 exd4 14. cxd4 Rc8
15. Bb3 Nb4 16. Bg5 Qb6 17. Be7 Bxe7 18. Rxe7 Nc6 19. Re2 Rfd8 20. Rd2 Na5 21.
Bc2 Bxc2 22. Rxc2 Rxc2 23. Qxc2 Qd6 24. Rb1 h6 25. Qa4 Qc7 26. Ne5 a6 27. Qb4
b5 28. a4 Rd5 29. Re1 Nc4 30. Nf3 Qd6 31. Qb1 g6 32. axb5 axb5 33. Re8+ Kg7 34.
Qa2 Qa3 35. Qe2 Qc1+ 36. Kh2 Qf4+ 37. g3 Qc7 38. Qe4 Rd8 39. Rxd8 Qxd8 40. Kg2
Qd7 41. d5 Qd6 1/2-1/2

[Event "36. Vila de Sitges"]
[Site "Sitges ESP"]
[Date "2010.07.28"]
[Round "7.7"]
[White "Martinez Duany, Lelys Stanley"]
[Black "Lettieri, Giuseppe"]
[Result "1/2-1/2"]
[WhiteElo "2510"]
[BlackElo "2374"]
[PlyCount "128"]
[EventDate "2010.07.22"]
[EventType "swiss"]
[EventRounds "9"]
[EventCountry "ESP"]
[Source "lmi"]
[SourceDate "2010.07.22"]

1. e4 c5 2. Nf3 Nc6 3. d4 cxd4 4. Nxd4 Qc7 5. Nc3 e6 6. Be2 a6 7. O-O Nf6 8.
Be3 Bb4 9. Na4 Be7 10. Nxc6 bxc6 11. Nb6 Rb8 12. Nxc8 Qxc8 13. e5 Nd5 14. Bc1
Bc5 15. a3 a5 16. Qd3 O-O 17. c4 Ne7 18. Bd1 Qc7 19. Bc2 Ng6 20. Rb1 Rb7 21.
Re1 f6 22. exf6 Rxf6 23. Be3 Bxe3 24. Qxe3 c5 25. g3 Ne7 26. Re2 Nf5 27. Bxf5
Rxf5 28. Rd1 h5 29. Qe4 Rb3 30. Red2 Qe5 31. Qxe5 Rxe5 32. Rc2 Rb7 33. Kf1 Kf7
34. Rd6 Ra7 35. Rb6 a4 36. h4 Ke7 37. Rc3 g5 38. hxg5 Rxg5 39. Rb8 Kd6 40. Rh8
Kc6 41. Ke2 Rb7 42. Rc8+ Kd6 43. Rd3+ Ke7 44. Rd2 h4 45. gxh4 Rh5 46. Kd1 d6
47. Rg8 Rd7 48. Rg4 Kf6 49. f3 Re5 50. Rdg2 Re3 51. Rg6+ Ke5 52. h5 Rxf3 53. h6
Rh3 54. Kc2 Rh4 55. R2g5+ Kf4 56. Rg2 Kf5 57. Rg7 Rd8 58. Rf7+ Ke5 59. h7 Rh8
60. Re2+ Kd4 61. Rxe6 R8xh7 62. Rxd6+ Kxc4 63. Rf3 Rh2+ 64. Kb1 R7h3 1/2-1/2

[Event "36. Vila de Sitges"]
[Site "Sitges ESP"]
[Date "2010.07.28"]
[Round "7.8"]
[White "Lorenzo De La Riva, Lazaro"]
[Black "Karlsson, Lars"]
[Result "0-1"]
[WhiteElo "2407"]
[BlackElo "2449"]
[PlyCount "102"]
[EventDate "2010.07.22"]
[EventType "swiss"]
[EventRounds "9"]
[EventCountry "ESP"]
[Source "lmi"]
[SourceDate "2010.07.22"]

1. e4 c5 2. Nf3 Nc6 3. d4 cxd4 4. Nxd4 Nf6 5. Nc3 e5 6. Ndb5 h6 7. Nd5 Nxd5 8.
exd5 a6 9. dxc6 axb5 10. cxd7+ Bxd7 11. Qh5 Qc7 12. Bd3 Bb4+ 13. Kf1 Ra6 14.
Qe2 Rf6 15. Be3 Bc5 16. Re1 O-O 17. Bxc5 Qxc5 18. Qe3 Rc8 19. Qxc5 Rxc5 20. a3
Bc6 21. b4 Rd5 22. f3 Rf4 23. Kf2 f5 24. Ke3 g5 25. Rhf1 g4 26. Rd1 gxf3 27.
gxf3 Kf7 28. Be2 Rxd1 29. Bxd1 Rc4 30. Kd2 Rh4 31. Rf2 Rd4+ 32. Kc1 Kf6 33. c3
Rd3 34. Kc2 Re3 35. Kd2 f4 36. Be2 Kf5 37. a4 bxa4 38. b5 Rxe2+ 39. Rxe2 Bxb5
40. Re1 Bc4 41. Ra1 b5 42. Re1 a3 43. Kc2 Bd5 44. Ra1 a2 45. Kb2 Bxf3 46. Rxa2
Bd5 47. Ra1 f3 48. Kc2 Kf4 49. Kd2 e4 50. Ra6 e3+ 51. Kd3 Bc4+ 0-1

[Event "36. Vila de Sitges"]
[Site "Sitges ESP"]
[Date "2010.07.28"]
[Round "7.9"]
[White "Krallmann, Matthias"]
[Black "Cruz, Filemon"]
[Result "0-1"]
[WhiteElo "2234"]
[BlackElo "2456"]
[PlyCount "104"]
[EventDate "2010.07.22"]
[EventType "swiss"]
[EventRounds "9"]
[EventCountry "ESP"]
[Source "lmi"]
[SourceDate "2010.07.22"]

1. d4 d5 2. c4 c6 3. cxd5 cxd5 4. Bf4 Nc6 5. e3 Nf6 6. Nc3 a6 7. Bd3 b5 8. Rc1
Qb6 9. h3 e6 10. Nf3 Be7 11. O-O Bb7 12. Ne5 Rc8 13. Qe2 O-O 14. Bg5 Rc7 15. f4
Ne8 16. Bxe7 Nxe7 17. Qh5 Nf6 18. Qh4 Ne4 19. Nxe4 dxe4 20. Bb1 Bd5 21. Rxc7
Qxc7 22. Ng4 Nf5 23. Qe1 Rc8 24. Qd2 a5 25. Nf2 Nd6 26. Re1 b4 27. Kh1 f5 28.
Kh2 Qc4 29. Kg1 a4 30. Kh2 h6 31. g3 a3 32. b3 Qc3 33. Qxc3 Rxc3 34. Kg2 Bb7
35. g4 Kf7 36. Nh1 g6 37. Nf2 Ne8 38. gxf5 gxf5 39. Nh1 Nf6 40. Kf2 Ba6 41. Ng3
h5 42. Ne2 Bxe2 43. Kxe2 Nd5 44. Kd2 Rc8 45. Rg1 Nc3 46. Bc2 Rg8 47. Rxg8 Kxg8
48. h4 Kf7 49. Bd1 Kg6 50. Be2 Nxa2 51. Kc2 Nc3 52. Bc4 Kf6 0-1

[Event "36. Vila de Sitges"]
[Site "Sitges ESP"]
[Date "2010.07.28"]
[Round "7.10"]
[White "Rojas Keim, Luis"]
[Black "Lasinskas, Povilas"]
[Result "1-0"]
[WhiteElo "2437"]
[BlackElo "2180"]
[PlyCount "83"]
[EventDate "2010.07.22"]
[EventType "swiss"]
[EventRounds "9"]
[EventCountry "ESP"]
[Source "lmi"]
[SourceDate "2010.07.22"]

1. d4 Nf6 2. Bg5 c5 3. d5 Qb6 4. Nc3 e5 5. Bxf6 gxf6 6. e4 d6 7. Bb5+ Nd7 8. a4
Qa5 9. Nge2 a6 10. Bd3 Nb6 11. Ng3 f5 12. exf5 Nxd5 13. O-O Nxc3 14. bxc3 Bd7
15. Be4 Bc6 16. Rb1 Qxa4 17. Re1 O-O-O 18. Bd5 Rd7 19. Re4 Qa5 20. Bxc6 bxc6
21. Ra1 Qb5 22. Rea4 Ra7 23. f6 Rg8 24. Nf5 Kd7 25. Rg4 Rg6 26. Rb1 Qa5 27. Rb8
Rxf6 28. Rxf8 Rxf5 29. Rgg8 Ke6 30. Rd8 d5 31. c4 d4 32. Qc1 Rf6 33. Rc8 Qb6
34. Qd1 Rg6 35. h3 Rc7 36. Rge8+ Re7 37. Qf3 Kd7 38. Rb8 Qc7 39. Rf8 Ke6 40.
Rbc8 Qb7 41. Rxc6+ Kd7 42. Qd5+ 1-0

[Event "36. Vila de Sitges"]
[Site "Sitges ESP"]
[Date "2010.07.29"]
[Round "8.2"]
[White "Peralta, Fernando"]
[Black "Barsov, Alexei"]
[Result "1-0"]
[WhiteElo "2570"]
[BlackElo "2505"]
[PlyCount "83"]
[EventDate "2010.07.22"]
[EventType "swiss"]
[EventRounds "9"]
[EventCountry "ESP"]
[Source "lmi"]
[SourceDate "2010.07.22"]

1. d4 e6 2. c4 Nf6 3. Nc3 Bb4 4. e3 O-O 5. Bd3 d5 6. Nf3 c5 7. O-O Nc6 8. a3
Bxc3 9. bxc3 Qc7 10. cxd5 exd5 11. a4 Re8 12. Ba3 c4 13. Bc2 Bg4 14. Qe1 Bh5
15. Nh4 Ng4 16. g3 Bg6 17. Bd1 Qd7 18. Nxg6 hxg6 19. Ra2 Na5 20. Re2 f5 21. f3
Nf6 22. Bc2 Nb3 23. g4 Qxa4 24. Bb2 Qd7 25. Qh4 a5 26. Qg5 Ra6 27. gxf5 Nh7 28.
Qg4 b5 29. Rfe1 b4 30. Rg2 g5 31. h4 gxh4 32. Qxh4 Nf6 33. Kh1 Kf7 34. Reg1 Rg8
35. e4 bxc3 36. Bxc3 dxe4 37. fxe4 Nxd4 38. e5 Nf3 39. Qxc4+ Nd5 40. e6+ Kf8
41. Bxg7+ Ke7 42. Qxa6 1-0

[Event "36. Vila de Sitges"]
[Site "Sitges ESP"]
[Date "2010.07.29"]
[Round "8.3"]
[White "Cruz, Cristhian"]
[Black "Movsziszian, Karen"]
[Result "1/2-1/2"]
[WhiteElo "2536"]
[BlackElo "2490"]
[PlyCount "72"]
[EventDate "2010.07.22"]
[EventType "swiss"]
[EventRounds "9"]
[EventCountry "ESP"]
[Source "lmi"]
[SourceDate "2010.07.22"]

1. d4 d6 2. c4 g6 3. Nc3 Bg7 4. e4 Nf6 5. Be2 O-O 6. Nf3 Nbd7 7. O-O e5 8. Re1
c6 9. Rb1 a5 10. Bf1 Re8 11. b3 exd4 12. Nxd4 Ng4 13. f3 Qb6 14. Nce2 Nge5 15.
Be3 Nc5 16. Nc3 f5 17. Bf2 fxe4 18. Nxe4 Nxe4 19. Rxe4 Qd8 20. Qd2 Bd7 21. Rd1
Qf6 22. Ne2 Bf5 23. Rd4 Nf7 24. Ng3 Be6 25. Ne4 Qe7 26. Rd3 Bf5 27. Nxd6 Bxd3
28. Nxe8 Bxf1 29. Nxg7 Rd8 30. Qe1 Qxe1 31. Rxd8+ Nxd8 32. Bxe1 Bd3 33. Bxa5
Kxg7 34. Bxd8 Bb1 35. b4 Bxa2 36. c5 h5 1/2-1/2

[Event "36. Vila de Sitges"]
[Site "Sitges ESP"]
[Date "2010.07.29"]
[Round "8.5"]
[White "Bukal, Vladimir Jr"]
[Black "Cuartas, Jaime Alexander"]
[Result "1/2-1/2"]
[WhiteElo "2381"]
[BlackElo "2529"]
[PlyCount "113"]
[EventDate "2010.07.22"]
[EventType "swiss"]
[EventRounds "9"]
[EventCountry "ESP"]
[Source "lmi"]
[SourceDate "2010.07.22"]

1. d4 d5 2. c4 c6 3. Nf3 Nf6 4. Nc3 e6 5. g3 Nbd7 6. Bg2 Be7 7. O-O O-O 8. Nd2
b5 9. cxb5 cxb5 10. e4 b4 11. Na4 dxe4 12. Nxe4 Ba6 13. Re1 Rc8 14. Be3 Nxe4
15. Bxe4 Nf6 16. Bg2 Nd5 17. Bd2 Bb5 18. Rc1 Rxc1 19. Bxc1 Bf6 20. Nc5 Ne7 21.
Nb3 a5 22. Qh5 Nd5 23. Be3 g6 24. Qd1 Nxe3 25. fxe3 e5 26. dxe5 Bxe5 27. Nd4
Bd7 28. Qb3 Qb6 29. Qd5 Qd6 30. Qxd6 Bxd6 31. Nc6 Bc7 32. Rc1 Bb6 33. Ne7+ Kg7
34. Nd5 Bd8 35. Rc5 Re8 36. Kf2 Re5 37. b3 h5 38. Bf3 h4 39. Rc4 hxg3+ 40. hxg3
Be6 41. Rd4 g5 42. Rd1 g4 43. Nf4 Bb6 44. Nxe6+ fxe6 45. Bxg4 Rxe3 46. Rd6 Bc5
47. Rc6 Bd4 48. Kg2 e5 49. Ra6 e4 50. Rxa5 Rc3 51. Rd5 Rc2+ 52. Kf1 Bc3 53. Bf5
Rc1+ 54. Kf2 Re1 55. g4 e3+ 56. Kf3 Bd2 57. Bd3 1/2-1/2

[Event "36. Vila de Sitges"]
[Site "Sitges ESP"]
[Date "2010.07.29"]
[Round "8.8"]
[White "Lettieri, Giuseppe"]
[Black "Rojas Keim, Luis"]
[Result "0-1"]
[WhiteElo "2374"]
[BlackElo "2437"]
[PlyCount "82"]
[EventDate "2010.07.22"]
[EventType "swiss"]
[EventRounds "9"]
[EventCountry "ESP"]
[Source "lmi"]
[SourceDate "2010.07.22"]

1. e4 g6 2. d4 Bg7 3. Nf3 d6 4. Be2 Nf6 5. Nc3 O-O 6. O-O c6 7. h3 b5 8. a3
Nbd7 9. Bg5 Qc7 10. Qd2 Re8 11. Rad1 a5 12. Qe3 Nb6 13. Rfe1 b4 14. Nb1 Be6 15.
b3 d5 16. Bf4 Qc8 17. e5 Nfd7 18. axb4 axb4 19. Qd2 c5 20. dxc5 Qxc5 21. Be3
Qa5 22. Nd4 Rec8 23. f4 Bf5 24. Nxf5 gxf5 25. Bd3 e6 26. g4 fxg4 27. hxg4 Nc5
28. f5 Nxd3 29. Qxd3 Nd7 30. Bd4 Qc7 31. f6 Bh6 32. Re2 Bg5 33. Rh2 h6 34. Re1
Ra2 35. Ree2 Nf8 36. Rxh6 Bxh6 37. Qh3 Bf4 38. g5 Qxc2 39. Rxc2 Rcxc2 40. Bf2
Rxf2 41. Qh6 Bh2+ 0-1

[Event "36. Vila de Sitges"]
[Site "Sitges ESP"]
[Date "2010.07.29"]
[Round "8.9"]
[White "Rios, Alejandro"]
[Black "Alonso Garcia, Rene Marcial"]
[Result "0-1"]
[WhiteElo "2308"]
[BlackElo "2396"]
[PlyCount "56"]
[EventDate "2010.07.22"]
[EventType "swiss"]
[EventRounds "9"]
[EventCountry "ESP"]
[Source "lmi"]
[SourceDate "2010.07.22"]

1. e4 e5 2. Nf3 Nc6 3. Bc4 Nf6 4. d4 exd4 5. e5 d5 6. Bb5 Ne4 7. Nxd4 Bd7 8.
Bxc6 bxc6 9. O-O c5 10. Ne2 Bc6 11. f3 Ng5 12. Nd2 Ne6 13. f4 g6 14. Ng3 Qd7
15. Nf3 O-O-O 16. b3 Be7 17. Qd2 f5 18. exf6 Bxf6 19. Ne5 Bxe5 20. fxe5 h5 21.
h3 h4 22. Ne2 g5 23. Qa5 d4 24. c4 Bb7 25. Qb5 Qh7 26. Ba3 Qe4 27. Rf2 Rhf8 28.
Raf1 Rxf2 0-1

[Event "36. Vila de Sitges"]
[Site "Sitges ESP"]
[Date "2010.07.30"]
[Round "9.1"]
[White "Peralta, Fernando"]
[Black "Gonzalez Garcia, Jose"]
[Result "1/2-1/2"]
[WhiteElo "2570"]
[BlackElo "2508"]
[PlyCount "33"]
[EventDate "2010.07.22"]
[EventType "swiss"]
[EventRounds "9"]
[EventCountry "ESP"]
[Source "lmi"]
[SourceDate "2010.07.22"]

1. d4 Nf6 2. c4 e6 3. Nc3 Bb4 4. e3 b6 5. Bd3 Bb7 6. Nf3 O-O 7. O-O c5 8. Na4
cxd4 9. exd4 Qc7 10. a3 Be7 11. Nc3 d5 12. cxd5 Nxd5 13. Bd2 Nxc3 14. bxc3 Nd7
15. Re1 Rac8 16. Re3 h6 17. Qe2 1/2-1/2